| 000 | 00510nam a2200205I1 4500 | ||
|---|---|---|---|
| 020 | _a0121476804 | ||
| 040 | _cCSZ | ||
| 082 | _a616 ACA 1982 A106 Or. | ||
| 245 | 0 | 0 | _aTumor markers / |
| 260 | 0 |
_aNew York : _bAcademic Press, _c1982 |
|
| 300 |
_axxii, 377 p. : _bill. ; _c24 cm |
||
| 490 | 1 | _aMethods in cancer research ; | |
| 650 | 2 | _aAntigens, Neoplasm | |
| 650 | 2 | _aNeoplasms | |
| 650 | 2 | _aNeoplasms | |
| 700 | 1 | 0 | _aBusch, Harris |
| 700 | 1 | 0 | _aYeoman, Lynn C |
| 700 | 1 | 0 | _aByrd, Rebecca |
| 942 | _cEK | ||
| 999 |
_c16561 _d16561 |
||